| 000 | 00367nam a2200157Ia 4500 | ||
|---|---|---|---|
| 008 | 230711s9999||||xx |||||||||||||| ||und|| | ||
| 041 | _aENG | ||
| 082 |
_a720 _bCA-S |
||
| 100 | _aCarstens,Diane Y | ||
| 245 | 0 | _aSite planning and design for the elderly | |
| 250 | _a1st | ||
| 260 |
_c1993 _aNew Delhi _bVNR |
||
| 300 | _a170 | ||
| 650 | _aArchitecture | ||
| 942 | _cBK | ||
| 999 |
_c3275 _d3275 |
||